000 00273nam a2200121Ia 4500
008 241002s9999 xx 000 0 und d
082 _a960 REA
100 _aReade, Winwood
245 4 _aThe Martyrdom of man
260 _aLondon:
_c1948
600 _aHistory
942 _cUC
999 _c18913
_d18913